Players of National Teams - Sweden - Statistics

General Stats
  • This quiz has been taken 10 times
  • The average score is 14 of 26
Answer Stats
Pos. Team Player % Correct
FW Liverpool FC Alexander Isak
100%
CM Eintracht Frankfurt Hugo Larsson
88%
CM Tottenham Hotspur Lucas Bergvall
88%
FW Arsenal FC Viktor Gyökeres
88%
RW Newcastle United Anthony Elanga
75%
CB Atalanta BC Isak Hien
75%
CM Brighton & Hove Albion Yasin Ayari
75%
RW Celtic FC Benjamin Nygren
63%
LB Borussia Dortmund Daniel Svensson
63%
CB Burnley FC Hjalmar Ekdal
63%
CB Aston Villa Victor Lindelöf
63%
LB Leeds United Gabriel Gudmundsson
50%
DM Udinese Calcio Jesper Karlström
50%
GK Como 1907 Noel Törnqvist
50%
RW FC Barcelona Roony Bardghji
50%
GK Stoke City Viktor Johansson
50%
RB Juventus FC Emil Holm
38%
CB SC Braga Gustaf Lagerbielke
38%
LB Pafos FC Ken Sema
38%
GK AIK Kristoffer Nordfeldt
38%
CM Chicago Fire Anton Salétros
25%
RW GAIS Gustav Lundgren
25%
FW SV Darmstadt 98 Isac Lidberg
25%
RM AEK Athens Niclas Eliasson
25%
CB Celta Vigo Carl Starfeld
13%
RW Holstein Kiel Alexander Bernhardsson
0%
No matching quizzes found
Score Distribution
Percent of People with Each Score
Percentile by Number Answered
Your Score History
You have not taken this quiz